00492nam a2200157Ia 4500100002500000650000900025942000700034366000700041245004000048260003700088082001700125300000800142546001700150999001700167952015000184 aTaur/Yuan/ Ning/T.N  aVLSI cBK f25 aFundamentals of Modern VLSI Devices bCambridge University Pressc1998 a621.395bTAU a489 aENGLISHcTTL c30122d30122 001040708CRCaCRCEbCRCEd2023-03-17eDharma Enterprisesg371.25i524 dt 29/04/2010l0o621.395 TAUp20517r2023-03-17v495.00w0000-00-00yBK